Literature - European Literature | 2 | 6 | 1 | 0 | 85 | 39 | 102.13 | 5 | 8 |
Literature - British Literature | 0 | 7 | 0 | 1 | 70 | 97 | 123.14 | 5 | 7 |
World and Other Literature | 1 | 5 | 0 | 0 | 65 | 64 | 106.50 | 3 | 6 |
Literature - American Literature | 0 | 6 | 2 | 0 | 50 | 71 | 98.00 | 2 | 6 |
History - American History | 0 | 4 | 0 | 0 | 40 | 83 | 93.25 | 3 | 4 |
Fine Arts - Auditory Fine Arts | 0 | 3 | 0 | 0 | 30 | 77 | 119.00 | 1 | 3 |
History - World History | 0 | 3 | 1 | 0 | 25 | 99 | 113.00 | 1 | 3 |
Fine Arts - Visual Fine Arts | 0 | 3 | 2 | 0 | 20 | 69 | 102.33 | 1 | 3 |
Beliefs | 0 | 2 | 1 | 0 | 15 | 130 | 137.50 | 1 | 2 |
Philosophy | 0 | 2 | 1 | 0 | 15 | 118 | 135.00 | 1 | 2 |
History - European History | 0 | 1 | 0 | 0 | 10 | 100 | 100.00 | 1 | 1 |
Science - Physics | 0 | 1 | 0 | 0 | 10 | 125 | 125.00 | 1 | 1 |
Social Science | 0 | 1 | 0 | 0 | 10 | 83 | 83.00 | 1 | 1 |
Current Events | 0 | 1 | 0 | 0 | 10 | 118 | 118.00 | 1 | 1 |
Other Academic | 0 | 1 | 0 | 0 | 10 | 78 | 78.00 | 1 | 1 |
Ancient History and Archaeology | 0 | 1 | 0 | 0 | 10 | 106 | 106.00 | 1 | 1 |
Science - Biology | 0 | 1 | 0 | 0 | 10 | 132 | 132.00 | 0 | 1 |
Other Arts: Auditory | 0 | 1 | 1 | 0 | 5 | 143 | 143.00 | 1 | 1 |
Geography | 0 | 0 | 0 | 0 | 0 | | 0.00 | 0 | 0 |
Other Science: Astronomy | 0 | 0 | 1 | 0 | -5 | | 0.00 | 0 | 0 |